000 00359nam a2200157Ia 4500
003 Ost
005 20260225132546.0
008 260225s9999||||xx |||||||||||||| ||und||
040 _cfsic
041 _afre
082 _a440
100 _ajean Déjeux
_eAuteur
245 0 _aCulture Algérienne dans les textes /
245 0 _cjean Déjeux
942 _cكتاب
999 _c33844
_d33844